ბათუმის შოთა რუსთაველის სახელმწიფო უნივერსიტეტის ბიბლიოთეკა

Права студента : (ბიბ.ჩანაწერი № 56787)

000 -LEADER
fixed length control field 01677nam a2200289 4500
001 - CONTROL NUMBER
control field RU\PGU\BOOKS\9085
005 - DATE AND TIME OF LATEST TRANSACTION
control field 20190423103832.0
008 - FIXED-LENGTH DATA ELEMENTS--GENERAL INFORMATION
fixed length control field 190423s2007 ru ||||| |||| 00| 0 rus d
020 ## - INTERNATIONAL STANDARD BOOK NUMBER
International Standard Book Number 9785222110973
-- 978-5-938-35217-9
040 ## - CATALOGING SOURCE
Original cataloging agency 1901371X
041 ## - LANGUAGE CODE
Language code of text/sound track or separate title rus
090 ## - LOCALLY ASSIGNED LC-TYPE CALL NUMBER (OCLC); LOCAL CALL NUMBER (RLIN)
Classification number (OCLC) (R) ; Classification number, CALL (RLIN) (NR) 1914410
091 ## - MICROFILM SHELF LOCATION (AM) [OBSOLETE]
Microfilm shelf location Х620
091 ## - MICROFILM SHELF LOCATION (AM) [OBSOLETE]
Microfilm shelf location 74.58
091 ## - MICROFILM SHELF LOCATION (AM) [OBSOLETE]
Microfilm shelf location 378
100 ## - MAIN ENTRY--PERSONAL NAME
Personal name Круглов, В.И.
9 (RLIN) 371
245 ## - TITLE STATEMENT
Title Права студента :
Medium Текст /
Statement of responsibility, etc. В. И. Круглов.
260 ## - PUBLICATION, DISTRIBUTION, ETC.
Place of publication, distribution, etc. Ростов н/Д; СПб :
Name of publisher, distributor, etc. Феникс: Северо-Запад,
Date of publication, distribution, etc. 2007.
300 ## - PHYSICAL DESCRIPTION
Extent 188 с.
500 ## - GENERAL NOTE
General note 3000 экз.
520 ## - SUMMARY, ETC.
Summary, etc. Как выяснить, имеет ли выбранный Вами вуз все необходимые документы и лицензии? Как избежать "подводных камней" при заключении с вузом договора на обучение? Как правильно оформить академический отпуск? Как прописаться в общежитии? Какие существуют возможности пересдачи экзаменов и зачетов. Как правильно оформить жалобу в деканат и выше? На эти и многие иные вопросы призвана ответить данная книга.
521 0# - TARGET AUDIENCE NOTE
Target audience note Для студентов, учащихся и их родителей.
653 ## - INDEX TERM--UNCONTROLLED
keyword სამართალი
653 ## - INDEX TERM--UNCONTROLLED
keyword სტუდენტური სამართალი
942 ## - ADDED ENTRY ELEMENTS (KOHA)
Source of classification or shelving scheme
Koha item type წიგნი
ეგზემპლარები
Withdrawn status Lost status Source of classification or shelving scheme Damaged status Not for loan Permanent Location Current Location Date acquired Cost, normal purchase price Full call number Barcode Date last seen Copy number Price effective from Koha item type Public note
          ბათუმის შოთა რუსთაველის სახელმწიფო უნივერსიტეტის მთავარი ბიბლიოთეკა ბათუმის შოთა რუსთაველის სახელმწიფო უნივერსიტეტის მთავარი ბიბლიოთეკა 2019-04-23 7.00 378 К-84 3835 2019-04-23 3835 2019-04-23 წიგნი 7 ლ.